Giao tiếp tiếng Nga trong mọi tình huống

Shranjeno v:
Bibliografske podrobnosti
Glavni avtor: Thanh Hà
Format: Knjiga
Jezik:Undetermined
Izdano: Hà Nội Bách khoa Hà Nội 2013
Teme:
Oznake: Označite
Brez oznak, prvi označite!
Thư viện lưu trữ: Trung tâm Học liệu Trường Đại học Cần Thơ
LEADER 00548nam a2200193Ia 4500
001 CTU_194969
008 210402s9999 xx 000 0 und d
020 |c 60000 
082 |a 491.7 
082 |b Th107 
100 |a Thanh Hà 
245 0 |a Giao tiếp tiếng Nga trong mọi tình huống 
245 0 |c Thanh Hà 
260 |a Hà Nội 
260 |b Bách khoa Hà Nội 
260 |c 2013 
650 |a Russian language 
650 |x Tiếng Nga thực hành 
980 |a Trung tâm Học liệu Trường Đại học Cần Thơ